Vista normal
Vista MARC
Entrada Personal Name
Número de registros utilizados en: 1
001 - CONTROL NUMBER
- control field: 41
003 - CONTROL NUMBER IDENTIFIER
- control field: DO-SdBNP
005 - DATE AND TIME OF LATEST TRANSACTION
- control field: 20160830093441.0
008 - FIXED-LENGTH DATA ELEMENTS
- fixed length control field: 160830|| aca||aabn | a|a d
040 ## - CATALOGING SOURCE
- Original cataloging agency: DO-SdBNP
100 1# - HEADING--PERSONAL NAME
- Personal name: Oates, Joyce Carol,
- Dates associated with a name: 1938-
670 ## - SOURCE DATA FOUND
- Source citation: Puro fuego, 2008
- Information found: p. 2